[Event "US op Irwin 121st"]
[Site "Cherry Hill"]
[Date "2021.08.01"]
[Round "2"]
[White "Khmelnitsky, Igor N"]
[Black "Perez, Ignacio"]
[Result "1-0"]
[WhiteElo "2469"]
[BlackElo "2063"]
[PlyCount "133"]
[EventDate "2021.07.31"]
[EventType "swiss"]
[EventRounds "6"]
[EventCountry "USA"]
[SourceTitle "EXT 2022"]
[Source "ChessBase"]
[SourceDate "2021.10.06"]
[SourceVersion "1"]
[SourceVersionDate "2021.10.06"]
[SourceQuality "1"]

1. d4 g6 2. h4 h5 3. Nc3 Bg7 4. e4 d6 5. Bc4 Nc6 6. Nge2 e5 7. dxe5 Nxe5 8. Bb3 Nf6 9. Bg5 Qd7 10. Qd2 0-0 11. f3 b5 12. Bh6 Bb7 13. Bxg7 Kxg7 14. a3 a5 15. Nf4 Rfe8 16. 0-0 Ba6 17. Rfe1 Qe7 18. Ncd5 Qd8 19. Qf2 Bb7 20. Nxf6 Qxf6 21. Qg3 Kf8 22. c3 a4 23. Bd5 c6 24. Ba2 Rab8 25. Rad1 Bc8 26. Re2 Nc4 27. Bxc4 bxc4 28. Red2 Be6 29. Rxd6 Rxb2 30. R1d4 Rc2 31. Rxc4 Kg8 32. Rcxc6 Qe5 33. Kh2 Bb3 34. Nd5 Qxg3+ 35. Kxg3 Bxd5 36. Rxd5 Ra2 37. Ra5 Rxa3 38. Rc4 Rb8 39. Raxa4 Rxa4 40. Rxa4 Rb2 41. Ra7 Rc2 42. Rc7 Re2 43. Rd7 Kg7 44. Rd1 Rc2 45. Rd3 Kf6 46. f4 Ke6 47. Kf3 f6 48. g3 Rc1 49. Ke3 Rc2 50. Kd4 Kd6 51. c4 Re2 52. c5+ Kc6 53. Rb3 Rd2+ 54. Ke3 Rg2 55. Kf3 Ra2 56. Rb6+ Kxc5 57. Rxf6 Ra3+ 58. Kg2 Kd4 59. e5 g5 60. hxg5 Ke4 61. g6 Ra2+ 62. Kh3 Kf3 63. Rb6 Ra1 64. Rb3+ Ke4 65. g7 Ra8 66. Rb6 Rg8 67. Rg6 1-0

[Event "Seattle Summer Classic 3rd"]
[Site "Seattle"]
[Date "2019.08.16"]
[Round "4"]
[White "Anthony, Ralph"]
[Black "Perez, Ignacio"]
[Result "1/2-1/2"]
[WhiteElo "1565"]
[BlackElo "2048"]
[PlyCount "60"]
[EventDate "2019.08.14"]
[EventType "swiss"]
[EventRounds "9"]
[EventCountry "USA"]
[SourceTitle "EXT 2023"]
[Source "ChessBase"]
[SourceDate "2022.10.05"]
[SourceVersion "1"]
[SourceVersionDate "2022.10.05"]
[SourceQuality "1"]

1. e4 d6 2. d4 g6 3. c4 Bg7 4. Nc3 Nf6 5. Bg5 h6 6. Bf4 0-0 7. f3 Nc6 8. d5 e5 9. Be3 Nd4 10. Nge2 c5 11. dxc6 bxc6 12. Nxd4 exd4 13. Bxd4 c5 14. Be3 Rb8 15. Qd2 Qa5 16. Be2 Ng4 17. Nb5 Qxd2+ 18. Bxd2 Ne5 19. Bc3 Be6 20. Nxd6 Rb6 21. 0-0-0 Rfb8 22. b3 Ra6 23. Kb2 Rxd6 24. Rxd6 Bxc4 25. Rd2 Bxe2 26. Rxe2 Nc4+ 27. Kc2 Na3+ 28. Kb2 Nc4+ 29. Kc2 Na3+ 30. Kb2 Nc4+ 1/2-1/2

[Event "Seattle Summer Classic 3rd"]
[Site "Seattle"]
[Date "2019.08.16"]
[Round "5"]
[White "Frantz, Joseph"]
[Black "Perez, Ignacio"]
[Result "0-1"]
[WhiteElo "1930"]
[BlackElo "2048"]
[PlyCount "88"]
[EventDate "2019.08.14"]
[EventType "swiss"]
[EventRounds "9"]
[EventCountry "USA"]
[SourceTitle "EXT 2023"]
[Source "ChessBase"]
[SourceDate "2022.10.05"]
[SourceVersion "1"]
[SourceVersionDate "2022.10.05"]
[SourceQuality "1"]

1. d4 Nf6 2. Nf3 g6 3. Bg5 Bg7 4. Qc1 h6 5. Bh4 0-0 6. Nbd2 d6 7. c3 Nbd7 8. e3 e5 9. Bd3 b6 10. 0-0 Bb7 11. Qc2 Qe8 12. e4 Nh5 13. Rae1 Nf4 14. Bc4 Nf6 15. Bg3 N6h5 16. Nh4 Kh8 17. Bxf4 Nxf4 18. g3 Qe7 19. Ndf3 Nh3+ 20. Kg2 Ng5 21. d5 Bc8 22. Ng1 Nh7 23. Kh1 Rg8 24. f3 a5 25. Qf2 Nf6 26. Bd3 a4 27. a3 Ra5 28. c4 h5 29. h3 Nd7 30. Kh2 Nc5 31. Bc2 Ba6 32. Qe2 Bf6 33. Ng2 h4 34. Rc1 hxg3+ 35. Kxg3 Kg7 36. Kh2 Rh8 37. Rf2 Bc8 38. Qf1 Ra8 39. Re1 Bd7 40. Re3 Bxh3 41. Nxh3 Rxh3+ 42. Kxh3 Rh8+ 43. Nh4 Bxh4 44. Rfe2 Be1+ 0-1

[Event "Washington State-chB"]
[Site "Redmond"]
[Date "2019.02.23"]
[Round "6"]
[White "Levine, Joseph1111"]
[Black "Perez, Ignacio"]
[Result "0-1"]
[WhiteElo "2057"]
[BlackElo "2004"]
[PlyCount "108"]
[EventDate "2019.02.16"]
[EventType "tourn"]
[EventRounds "9"]
[EventCountry "USA"]
[SourceTitle "EXT 2023"]
[Source "ChessBase"]
[SourceDate "2022.10.05"]
[SourceVersion "1"]
[SourceVersionDate "2022.10.05"]
[SourceQuality "1"]

1. e4 c5 2. Nf3 d6 3. d4 cxd4 4. Nxd4 Nf6 5. Nc3 a6 6. Bd3 e5 7. Nde2 Nbd7 8. 0-0 b5 9. a3 Bb7 10. Ng3 h5 11. h3 h4 12. Nf5 g6 13. Ne3 Nc5 14. Ned5 Nxd5 15. Nxd5 Bg7 16. Re1 0-0 17. Bf1 f5 18. exf5 gxf5 19. c4 f4 20. cxb5 axb5 21. Bxb5 f3 22. Bc4 Kh8 23. Be3 Rc8 24. Rc1 Qe8 25. gxf3 Ne6 26. Kh2 Qh5 27. Rg1 Nd4 28. Bxd4 exd4 29. Rxg7 Kxg7 30. Qxd4+ Qe5+ 31. Qxe5+ dxe5 32. Ne3 Rxf3 33. Rc2 Be4 34. Re2 Rxe3 35. Rxe3 Rxc4 36. b3 Rd4 37. f3 Bg6 38. Rxe5 Rd2+ 39. Kg1 Kf6 40. Rb5 Bf5 41. a4 Kg5 42. a5 Kf4 43. b4 Kg3 44. Kf1 Bd3+ 45. Ke1 Re2+ 46. Kd1 Bxb5 47. f4 Kxf4 48. a6 Bxa6 49. Kc1 Ke3 50. Kd1 Kd3 51. Kc1 Kc3 52. Kb1 Re1+ 53. Ka2 Bc4+ 54. Ka3 Ra1# 0-1

[Event "Washington State-chB"]
[Site "Redmond"]
[Date "2019.02.17"]
[Round "3"]
[White "Frantz, Joseph"]
[Black "Perez, Ignacio"]
[Result "0-1"]
[WhiteElo "1930"]
[BlackElo "2004"]
[PlyCount "66"]
[EventDate "2019.02.16"]
[EventType "tourn"]
[EventRounds "9"]
[EventCountry "USA"]
[SourceTitle "EXT 2023"]
[Source "ChessBase"]
[SourceDate "2022.10.05"]
[SourceVersion "1"]
[SourceVersionDate "2022.10.05"]
[SourceQuality "1"]

1. e4 c5 2. Nf3 e6 3. d4 cxd4 4. Nxd4 a6 5. c4 Nf6 6. Nc3 d6 7. Be2 b6 8. 0-0 Bb7 9. f3 Nbd7 10. Be3 h6 11. Qd2 g5 12. Rad1 Qc7 13. a4 Rg8 14. b4 Ne5 15. Qa2 Rc8 16. Bf2 Ng6 17. g3 g4 18. f4 Nxe4 19. Nxe4 Bxe4 20. c5 dxc5 21. Nxe6 Qb7 22. Rfe1 Be7 23. bxc5 bxc5 24. Bc4 Bh1 25. Bxc5 fxe6 26. Bxe7 Rxc4 27. Bc5 Bd5 28. Qa3 Qc6 29. Be3 Ne7 30. Rb1 Rc2 31. Rec1 Rg2+ 32. Kf1 Bc4+ 33. Rxc4 Qf3+ 0-1

[Event "Washington State-chB"]
[Site "Redmond"]
[Date "2019.02.16"]
[Round "2"]
[White "Perez, Ignacio"]
[Black "Levine, David M"]
[Result "1-0"]
[WhiteElo "2004"]
[BlackElo "2114"]
[PlyCount "107"]
[EventDate "2019.02.16"]
[EventType "tourn"]
[EventRounds "9"]
[EventCountry "USA"]
[SourceTitle "EXT 2023"]
[Source "ChessBase"]
[SourceDate "2022.10.05"]
[SourceVersion "1"]
[SourceVersionDate "2022.10.05"]
[SourceQuality "1"]

1. e4 e5 2. Nf3 Nc6 3. Bb5 a6 4. Ba4 Nf6 5. 0-0 b5 6. Bb3 Bc5 7. c3 d6 8. a4 Rb8 9. axb5 axb5 10. d4 Bb6 11. h3 0-0 12. Na3 Re8 13. Re1 Bd7 14. Bc2 h6 15. Nxb5 Qc8 16. Na3 Ra8 17. dxe5 Nxe5 18. Nxe5 Rxe5 19. Bf4 Rea5 20. Qf3 Nh7 21. Rad1 Be6 22. Qd3 g5 23. e5 Nf8 24. Bg3 d5 25. h4 c6 26. hxg5 hxg5 27. Kh2 Bg4 28. e6 fxe6 29. Re5 Bd8 30. Rde1 R5a7 31. Qe3 Rg7 32. Qd4 Bh5 33. R5e3 c5 34. Qd2 Bg6 35. Be5 Bc7 36. Kg1 Bxe5 37. Rxe5 Bxc2 38. Nxc2 Qd8 39. Ne3 Ra4 40. f3 Rh4 41. Ng4 Rg6 42. c4 d4 43. Rxc5 d3 44. Rd1 Rg7 45. Qe3 Rh5 46. Rxd3 Qe7 47. Rc8 Rgh7 48. Rdd8 Rh1+ 49. Kf2 Rf7 50. Qc5 Qxc5+ 51. Rxc5 Rf5 52. Rc7 Rf7 53. Rcc8 Kg7 54. Ne5 1-0

[Event "Seattle Summer Classic 2nd"]
[Site "Seattle"]
[Date "2018.08.18"]
[Round "8"]
[White "Perez, Ignacio"]
[Black "Velea, Anne Marie"]
[Result "0-1"]
[WhiteElo "2058"]
[BlackElo "1773"]
[PlyCount "60"]
[EventDate "2018.08.15"]
[EventType "swiss"]
[EventRounds "9"]
[EventCountry "USA"]
[SourceTitle "EXT 2023"]
[Source "ChessBase"]
[SourceDate "2022.10.05"]
[SourceVersion "1"]
[SourceVersionDate "2022.10.05"]
[SourceQuality "1"]

1. d4 d5 2. Nf3 Nf6 3. c4 e6 4. Bg5 Be7 5. Bxf6 Bxf6 6. Nc3 0-0 7. Qc2 b6 8. e4 dxe4 9. Qxe4 c6 10. Bd3 g6 11. h4 Bb7 12. h5 Qe7 13. hxg6 hxg6 14. Qf4 Nd7 15. Qh6 Rfd8 16. Qh7+ Kf8 17. 0-0-0 Bg7 18. Ne4 c5 19. Rde1 Bxe4 20. Bxe4 Nf6 21. Qh3 Nxe4 22. Rxe4 cxd4 23. Nh4 Qf6 24. Qd3 Rac8 25. Kb1 Rc5 26. Rh3 Kg8 27. Rf3 Qg5 28. Rg3 Qf6 29. b3 Rdc8 30. Reg4 R8c7 0-1

[Event "Seattle Masters-A 04"]
[Site "Seattle"]
[Date "2018.04.07"]
[Round "2"]
[White "Zhang, Derek"]
[Black "Perez, Ignacio"]
[Result "1-0"]
[WhiteElo "2017"]
[BlackElo "2112"]
[PlyCount "85"]
[EventDate "2018.04.07"]
[EventType "swiss"]
[EventRounds "3"]
[EventCountry "USA"]
[SourceTitle "EXT 2023"]
[Source "ChessBase"]
[SourceDate "2022.10.05"]
[SourceVersion "1"]
[SourceVersionDate "2022.10.05"]
[SourceQuality "1"]

1. Nf3 Nf6 2. d4 g6 3. g3 Bg7 4. Bg2 0-0 5. 0-0 d6 6. b3 c5 7. c4 e5 8. dxe5 dxe5 9. Bb2 Nfd7 10. Qd2 Nc6 11. Rd1 Re8 12. Ng5 Bf6 13. Ne4 Be7 14. Nd6 Bxd6 15. Bxc6 bxc6 16. Qxd6 Re6 17. Qxc5 Qg5 18. Qa5 Kg7 19. Qd2 Qh5 20. Nc3 Nf6 21. Na4 Ng4 22. h4 h6 23. Nc5 Re8 24. Kg2 Bf5 25. e4 Be6 26. Qe2 g5 27. Rh1 Rad8 28. f3 Bc8 29. Bc1 Nf2 30. Qxf2 g4 31. Rf1 f5 32. fxg4 Qxg4 33. Qf3 fxe4 34. Qxg4+ Bxg4 35. Nxe4 Rd4 36. Nf6 Red8 37. Nxg4 Rxg4 38. Bb2 Re4 39. Rf2 Rd3 40. Raf1 Kg6 41. Rf3 Rd6 42. Rf5 Rd2+ 43. R1f2 1-0

[Event "Seattle Masters-A 12"]
[Site "Seattle"]
[Date "2017.12.09"]
[Round "2"]
[White "He, Anthony B"]
[Black "Perez, Ignacio"]
[Result "1-0"]
[WhiteElo "2234"]
[BlackElo "2072"]
[PlyCount "98"]
[EventDate "2017.12.09"]
[EventType "swiss"]
[EventRounds "3"]
[EventCountry "USA"]
[SourceTitle "EXT 2023"]
[Source "ChessBase"]
[SourceDate "2022.10.05"]
[SourceVersion "1"]
[SourceVersionDate "2022.10.05"]
[SourceQuality "1"]

1. e4 d6 2. d4 Nf6 3. Nc3 g6 4. Nf3 Bg7 5. Be2 0-0 6. 0-0 Nbd7 7. h3 e5 8. dxe5 dxe5 9. Be3 b6 10. Nd2 Bb7 11. Bf3 Re8 12. g3 Bf8 13. Bg2 a5 14. a3 a4 15. Kh2 Nc5 16. Qb1 Qc8 17. Qa2 Qe6 18. Qxe6 Rxe6 19. Rad1 Ree8 20. Rfe1 Bc6 21. f3 Nb7 22. Bf1 Bc5 23. Nc4 Bxe3 24. Nxe3 Nd6 25. Rd2 Ra5 26. Red1 Kg7 27. h4 Rc5 28. Na2 h5 29. Nb4 Bb7 30. c4 Ra5 31. Bh3 Re7 32. Rc1 Re8 33. Ned5 Nxd5 34. cxd5 Re7 35. Rdc2 Ne8 36. Kg2 f5 37. Kf2 fxe4 38. fxe4 Ra8 39. Ke3 Bc8 40. Bxc8 Rxc8 41. Nc6 Rf7 42. Nxe5 Re7 43. Nc6 Rd7 44. Nd4 Kf7 45. Rf1+ Kg8 46. Rc6 Rd6 47. Rc4 Ra8 48. Ne6 b5 49. Rf8+ Kh7 1-0

[Event "Seattle Classic op"]
[Site "Seattle"]
[Date "2017.08.20"]
[Round "8"]
[White "Perez, Ignacio"]
[Black "Feng, Roland"]
[Result "1/2-1/2"]
[WhiteElo "2101"]
[BlackElo "2369"]
[PlyCount "60"]
[EventDate "2017.08.16"]
[EventType "swiss"]
[EventRounds "9"]
[EventCountry "USA"]
[SourceTitle "EXT 2023"]
[Source "ChessBase"]
[SourceDate "2022.10.05"]
[SourceVersion "1"]
[SourceVersionDate "2022.10.05"]
[SourceQuality "1"]

1. d4 Nf6 2. Nf3 e6 3. Bg5 c5 4. e3 h6 5. Bh4 Nc6 6. Nbd2 d5 7. c3 g5 8. Bg3 Nh5 9. Be5 Nf6 10. Bg3 Nh5 11. Ne5 Nxg3 12. Nxc6 bxc6 13. fxg3 Qb6 14. Be2 Bg7 15. 0-0 0-0 16. Nb3 c4 17. Nc5 Qxb2 18. Rc1 e5 19. Bh5 f5 20. Rc2 Qb6 21. Rcf2 Qd8 22. Bg6 f4 23. gxf4 gxf4 24. Bb1 Rb8 25. g3 Bh3 26. gxf4 exf4 27. Qc2 Qg5+ 28. Kh1 Bxf1 29. Qh7+ Kf7 30. Rxf1 Rxb1 1/2-1/2

[Event "Washington State-ch"]
[Site "Redmond"]
[Date "2017.02.12"]
[Round "3"]
[White "Perez, Ignacio"]
[Black "Feng, Roland"]
[Result "0-1"]
[WhiteElo "2190"]
[BlackElo "2316"]
[PlyCount "34"]
[EventDate "2017.02.11"]
[EventType "tourn"]
[EventRounds "9"]
[EventCountry "USA"]
[EventCategory "1"]
[SourceTitle "EXT 2023"]
[Source "ChessBase"]
[SourceDate "2022.10.05"]
[SourceVersion "1"]
[SourceVersionDate "2022.10.05"]
[SourceQuality "1"]

1. e4 e6 2. d4 d5 3. Nc3 Nf6 4. Bg5 dxe4 5. Nxe4 Be7 6. Bxf6 gxf6 7. Nf3 f5 8. Ng3 Qd6 9. Qe2 Nc6 10. 0-0-0 Bd7 11. c4 0-0-0 12. Qc2 Nb4 13. Qb1 Bc6 14. d5 Bxd5 15. cxd5 Qc5+ 16. Kd2 Rxd5+ 17. Ke2 Qc4+ 0-1

[Event "Washington State-ch"]
[Site "Redmond"]
[Date "2017.02.11"]
[Round "2"]
[White "Kaufman, Raymond"]
[Black "Perez, Ignacio"]
[Result "0-1"]
[WhiteElo "2283"]
[BlackElo "2190"]
[PlyCount "74"]
[EventDate "2017.02.11"]
[EventType "tourn"]
[EventRounds "9"]
[EventCountry "USA"]
[EventCategory "1"]
[SourceTitle "EXT 2023"]
[Source "ChessBase"]
[SourceDate "2022.10.05"]
[SourceVersion "1"]
[SourceVersionDate "2022.10.05"]
[SourceQuality "1"]

1. e4 g6 2. d4 Bg7 3. Nc3 d6 4. f4 Nf6 5. Nf3 0-0 6. Be3 Nc6 7. Qd2 e5 8. fxe5 dxe5 9. d5 Nd4 10. 0-0-0 Ng4 11. Bg5 f6 12. h3 fxg5 13. hxg4 Bxg4 14. Bc4 Nxf3 15. gxf3 Bxf3 16. d6+ Kh8 17. Nb5 cxd6 18. Nxd6 Qf6 19. Rhf1 Qf4 20. Kb1 Qxd2 21. Rxd2 g4 22. Nf7+ Rxf7 23. Bxf7 Rf8 24. Bd5 b6 25. a4 g3 26. Ka2 h5 27. c4 h4 28. Be6 g5 29. b4 g4 30. Rg1 Bh6 31. Rb2 Be3 32. Re1 Bd4 33. Rc2 h3 34. c5 bxc5 35. bxc5 g2 36. c6 Bxe4 37. Rce2 Bxc6 0-1

[Event "Seattle Masters-A 01"]
[Site "Seattle"]
[Date "2017.01.07"]
[Round "3"]
[White "Tiglon, Bryce"]
[Black "Perez, Ignacio"]
[Result "1-0"]
[WhiteElo "2312"]
[BlackElo "2192"]
[PlyCount "79"]
[EventDate "2017.01.07"]
[EventType "tourn"]
[EventRounds "3"]
[EventCountry "USA"]
[SourceTitle "EXT 2023"]
[Source "ChessBase"]
[SourceDate "2022.10.05"]
[SourceVersion "1"]
[SourceVersionDate "2022.10.05"]
[SourceQuality "1"]

1. e4 g6 2. d4 Bg7 3. Nf3 c5 4. dxc5 Nc6 5. c3 Nf6 6. Bd3 0-0 7. Bf4 b6 8. cxb6 d5 9. Nbd2 axb6 10. 0-0 Bb7 11. Qe2 Ra4 12. Bb5 Ra5 13. e5 Nh5 14. Bg5 h6 15. Be3 Nxe5 16. Nxe5 Bxe5 17. Bxh6 Qd6 18. Nf3 Bh8 19. Bxf8 Kxf8 20. a4 Nf4 21. Qe3 Bf6 22. Rfe1 g5 23. Bf1 Kg7 24. Nd4 e6 25. g3 Ng6 26. b4 Ra8 27. a5 bxa5 28. Rxa5 Bxd4 29. Qxd4+ e5 30. Qd2 Rc8 31. Bg2 Rc4 32. Bxd5 Nf4 33. gxf4 Rxf4 34. Rd1 Rg4+ 35. Kh1 Bc8 36. Bf3 Qf6 37. Qe3 Rf4 38. Bg2 Bg4 39. Re1 e4 40. Qd4 1-0

[Event "Washington State-ch"]
[Site "Seattle"]
[Date "2014.02.15"]
[Round "5"]
[White "Feng, Roland"]
[Black "Perez, Ignacio"]
[Result "0-1"]
[WhiteElo "2100"]
[BlackElo "2196"]
[PlyCount "54"]
[EventDate "2014.02.08"]
[EventType "tourn"]
[EventRounds "9"]
[EventCountry "USA"]
[SourceTitle "EXT 2017"]
[Source "ChessBase"]
[SourceDate "2016.10.25"]
[SourceVersion "1"]
[SourceVersionDate "2016.10.25"]
[SourceQuality "1"]

1. d4 Nf6 2. c4 g6 3. Nc3 Bg7 4. Nf3 0-0 5. Bg5 h6 6. Bh4 c5 7. d5 b5 8. cxb5 a6 9. bxa6 Bxa6 10. e4 Bxf1 11. Kxf1 d6 12. h3 Qb6 13. Qc2 Na6 14. Nd2 Nb4 15. Qb3 g5 16. Bg3 Nh5 17. Bh2 f5 18. exf5 Qa6+ 19. Kg1 Qd3 20. Qd1 Qxf5 21. Nde4 Bxc3 22. bxc3 Qxe4 23. Qxh5 Rxf2 24. Kxf2 Nd3+ 25. Kf1 Rf8+ 26. Bf4 Nxf4 27. Qg4 Nxh3+ 0-1

[Event "Washington State-ch"]
[Site "Seattle"]
[Date "2014.02.09"]
[Round "3"]
[White "Koons, Nathaniel"]
[Black "Perez, Ignacio"]
[Result "1-0"]
[WhiteElo "2262"]
[BlackElo "2196"]
[PlyCount "93"]
[EventDate "2014.02.08"]
[EventType "tourn"]
[EventRounds "9"]
[EventCountry "USA"]
[SourceTitle "EXT 2017"]
[Source "ChessBase"]
[SourceDate "2016.10.25"]
[SourceVersion "1"]
[SourceVersionDate "2016.10.25"]
[SourceQuality "1"]

1. e4 d6 2. d4 g6 3. Nc3 Bg7 4. f4 Nd7 5. Nf3 c5 6. d5 a6 7. a4 Ngf6 8. a5 0-0 9. Be2 b5 10. axb6 Nxb6 11. 0-0 Bb7 12. Ng5 h6 13. Nh3 e6 14. Bf3 exd5 15. exd5 Qd7 16. Nf2 Rfe8 17. g4 Qe7 18. h4 Nfd7 19. g5 Bd4 20. Kg2 Qf8 21. Ng4 hxg5 22. hxg5 f5 23. Nh6+ Kg7 24. Ne2 Be3 25. Qd3 Bxc1 26. Raxc1 Qe7 27. Qc3+ Ne5 28. Rcd1 Na4 29. Qb3 Nxf3 30. Ng3 Qd7 31. Qxf3 Kf8 32. c4 Ke7 33. b3 Nb6 34. Qc3 Kd8 35. Qf6+ Kc7 36. Qxg6 a5 37. Nhxf5 a4 38. Ng7 axb3 39. Nxe8+ Rxe8 40. Rfe1 Rf8 41. Rh1 Rf7 42. Qd3 Qg4 43. Qxb3 Re7 44. Rb1 Kb8 45. Rbe1 Nc8 46. Rxe7 Nxe7 47. Rb1 1-0

[Event "Washington Class-ch Master"]
[Site "Redmond"]
[Date "2012.11.25"]
[Round "5"]
[White "Kalina, Chris"]
[Black "Perez, Ignacio"]
[Result "0-1"]
[WhiteElo "2084"]
[BlackElo "2273"]
[PlyCount "60"]
[EventDate "2012.11.23"]
[EventType "swiss"]
[EventRounds "6"]
[EventCountry "USA"]
[SourceTitle "EXT 2017"]
[Source "ChessBase"]
[SourceDate "2016.10.25"]
[SourceVersion "1"]
[SourceVersionDate "2016.10.25"]
[SourceQuality "1"]

1. d4 Nf6 2. Nf3 g6 3. b3 Bg7 4. Bb2 0-0 5. e3 d6 6. Be2 Nbd7 7. 0-0 e5 8. c4 e4 9. Nfd2 Re8 10. Qc2 Nf8 11. Nc3 Bf5 12. Rfe1 h5 13. Bf1 N8h7 14. Rad1 Ng5 15. h4 Nf3+ 16. gxf3 exf3 17. e4 Nxe4 18. Ncxe4 Qxh4 19. Nxf3 Qg4+ 20. Bg2 Bxe4 21. Rxe4 Qxe4 22. Qxe4 Rxe4 23. Re1 Rxe1+ 24. Nxe1 c6 25. Nd3 a5 26. Kf1 a4 27. d5 Bxb2 28. dxc6 bxc6 29. Bxc6 axb3 30. axb3 Ra1+ 0-1

[Event "Washington Class-ch Master"]
[Site "Redmond"]
[Date "2012.11.24"]
[Round "2"]
[White "Perez, Ignacio"]
[Black "Pupols, Viktors"]
[Result "1/2-1/2"]
[WhiteElo "2273"]
[BlackElo "2200"]
[PlyCount "107"]
[EventDate "2012.11.23"]
[EventType "swiss"]
[EventRounds "6"]
[EventCountry "USA"]
[SourceTitle "EXT 2017"]
[Source "ChessBase"]
[SourceDate "2016.10.25"]
[SourceVersion "1"]
[SourceVersionDate "2016.10.25"]
[SourceQuality "1"]

1. e4 e5 2. Nf3 Nc6 3. Bb5 a6 4. Ba4 Nf6 5. 0-0 d6 6. c3 Bd7 7. Re1 g6 8. d4 b5 9. Bb3 Bg7 10. Nbd2 0-0 11. h3 Re8 12. a4 Na5 13. Bc2 c5 14. d5 c4 15. Nf1 Nb7 16. Be3 Qc7 17. N3d2 Nc5 18. Ng3 Nxa4 19. Rb1 Nc5 20. f4 exf4 21. Bxf4 Bc8 22. Nf3 Nfd7 23. Rf1 Ne5 24. Qd2 Bb7 25. Bh6 f6 26. Nd4 Bxh6 27. Qxh6 Qg7 28. Qf4 Rf8 29. Bd1 Rae8 30. Bg4 Bc8 31. Bxc8 Rxc8 32. Ra1 Rce8 33. Ra2 Qd7 34. Rfa1 Rf7 35. Ne6 Nb3 36. Rf1 a5 37. Ne2 a4 38. N2d4 Nd3 39. Qh4 Ndc5 40. Rxf6 Rxf6 41. Qxf6 Nxe4 42. Qf4 Nec5 43. Kh2 Nxd4 44. Nxd4 Nb3 45. Nxb3 cxb3 46. Ra1 Qe7 47. c4 Qe5 48. Qxe5 Rxe5 49. cxb5 Rxd5 50. Rxa4 Rxb5 51. Ra7 Rd5 52. Rb7 Rd3 53. Kg1 h5 54. Kf1 1/2-1/2